| 000 | 00781nam a2200205 a 4500 | ||
|---|---|---|---|
| 003 | 0 | ||
| 005 | 20250307092526.0 | ||
| 008 | 101011s19uu xx 00 eng d | ||
| 050 |
_aPHS HB 3717 _b.Ot1 2010 |
||
| 100 | _aOtake, Lorraine G. | ||
| 245 |
_aGlobal recession and buying preferences of BA Securities, Inc. employees / _cLorraine G. Otake. |
||
| 260 |
_aLas PiƱas City, Philippines : _bSouthville International School and Colleges, _c2010. |
||
| 300 |
_a40 pages : _billustrations ; _c30 cm. |
||
| 504 | _aIncludes bibliographical references. | ||
| 650 |
_aRecessions _xEconomic aspects. |
||
| 650 |
_aConsumer behavior _xEconomic aspects. |
||
| 650 |
_aPurchasing power _xEmployees. |
||
| 650 |
_aSecurities industry _xEmployees _vEconomic conditions. |
||
| 942 |
_2lcc _cPASS |
||
| 999 |
_c98426 _d98426 |
||